Countries that Starting and Without Having Second Letter - Statistics

General Stats
  • This quiz has been taken 25 times
  • The average score is 60 of 157
Answer Stats
Hint Answer % Correct
Country Germany
80%
Country Canada
70%
Country Denmark
70%
Country Estonia
70%
Country Finland
70%
Country France
70%
Country Italy
70%
Country Norway
70%
Country Russia
70%
Country United Kingdom
70%
Country Iran
60%
Country Iraq
60%
Country Ireland
60%
Country Israel
60%
Country Kuwait
60%
Country Latvia
60%
Country Luxembourg
60%
Country Maldives
60%
Country Poland
60%
Country Portugal
60%
Country Spain
60%
Country Sweden
60%
Country United States
60%
Country Belarus
50%
Country Belgium
50%
Country Bhutan
50%
Country Bosnia and Herzegovina
50%
Country Chad
50%
Country Chile
50%
Country China
50%
Country Greece
50%
Country Hungary
50%
Country Iceland
50%
Country Japan
50%
Country Jordan
50%
Country Laos
50%
Country Libya
50%
Country Liechtenstein
50%
Country Lithuania
50%
Country Malaysia
50%
Country Mexico
50%
Country Monaco
50%
Country North Korea
50%
Country Peru
50%
Country Samoa
50%
Country Serbia
50%
Country Slovenia
50%
Country South Korea
50%
Country Syria
50%
Country Turkey
50%
Country Ukraine
50%
Country United Arab Emirates
50%
Country Bangladesh
40%
Country Brazil
40%
Country Brunei
40%
Country Croatia
40%
Country Cuba
40%
Country Cyprus
40%
Country Democratic Republic of the Congo
40%
Country Dominican Republic
40%
Country Egypt
40%
Country Fiji
40%
Country Gabon
40%
Country Gambia
40%
Country Kiribati
40%
Country Kosovo
40%
Country Lebanon
40%
Country Mali
40%
Country Malta
40%
Country Mauritius
40%
Country Mongolia
40%
Country Montenegro
40%
Country Morocco
40%
Country Nepal
40%
Country Oman
40%
Country Pakistan
40%
Country Palau
40%
Country Paraguay
40%
Country Qatar
40%
Country San Marino
40%
Country Slovakia
40%
Country South Africa
40%
Country Tuvalu
40%
Country Vietnam
40%
Country Bahamas
30%
Country Belize
30%
Country Benin
30%
Country Burkina Faso
30%
Country Colombia
30%
Country Comoros
30%
Country Dominica
30%
Country Ecuador
30%
Country El Salvador
30%
Country Ethiopia
30%
Country Ghana
30%
Country Grenada
30%
Country Guinea
30%
Country Guyana
30%
Country Haiti
30%
Country Honduras
30%
Country Jamaica
30%
Country Kenya
30%
Country Lesotho
30%
Country Liberia
30%
Country Madagascar
30%
Country Marshall Islands
30%
Country Moldova
30%
Country Nauru
30%
Country Nicaragua
30%
Country Niger
30%
Country Panama
30%
Country Republic of the Congo
30%
Country Romania
30%
Country Senegal
30%
Country Singapore
30%
Country Sri Lanka
30%
Country Suriname
30%
Country Switzerland
30%
Country Tanzania
30%
Country Tonga
30%
Country Vanuatu
30%
Country Vatican City
30%
Country Yemen
30%
Country Zambia
30%
Country Bahrain
20%
Country Bolivia
20%
Country Botswana
20%
Country Bulgaria
20%
County Burundi
20%
Country Cambodia
20%
Country Cameroon
20%
Country Djibouti
20%
Country Guatemala
20%
Country Guinea-Bissau
20%
Country Ivory Coast
20%
Country Kyrgyzstan
20%
Country Mauritania
20%
Country Namibia
20%
Country Nigeria
20%
Country Rwanda
20%
Country Saint Lucia
20%
Country Saudi Arabia
20%
Country Somalia
20%
Country Taiwan
20%
Country Thailand
20%
Country Togo
20%
Country Tunisia
20%
Country Uzbekistan
20%
Country Venezuela
20%
Country Zimbabwe
20%
Country Cape Verde
10%
Country Eswatini
10%
Country Malawi
10%
Country São Tomé and Príncipe
10%
Country Sierra Leone
10%
Country Sudan
10%
Country Uganda
10%
No matching quizzes found
Score Distribution
Percent of People with Each Score
Percentile by Number Answered
Your Score History
You have not taken this quiz